书目信息 |
| 题名: |
创业组织行为与领导
|
|
| 作者: | 陈国海 主编 | |
| 分册: | ||
| 出版信息: | 北京 清华大学出版社 2024.09 |
|
| 页数: | 250页 | |
| 开本: | 26cm | |
| 丛书名: | 21世纪卓越人力资源管理与服务丛书 | |
| 单 册: | ||
| 中图分类: | F241.4 | |
| 科图分类: | ||
| 主题词: | 创业--研究 | |
| 电子资源: | ||
| ISBN: | 978-7-302-67409-2 | |
| 000 | 01040nam0 2200265 450 | |
| 001 | 013286948 | |
| 005 | 20251022172239.50 | |
| 010 | @a978-7-302-67409-2@dCNY66.00 | |
| 100 | @a20241205d2024 em y0chiy0120 ea | |
| 101 | 0 | @achi |
| 102 | @aCN@b110000 | |
| 105 | @ay z 000yy | |
| 106 | @ar | |
| 200 | 1 | @a创业组织行为与领导@9chuang ye zu zhi xing wei yu ling dao@f陈国海[等]主编 |
| 210 | @a北京@c清华大学出版社@d2024.09 | |
| 215 | @a250页@d26cm | |
| 225 | 1 | @a21世纪卓越人力资源管理与服务丛书 |
| 304 | @a编著者还有:陈潮波,张昉,黄圳裕 | |
| 330 | @a本书阐述并回答了如何识别创业机会,个体如何影响创业绩效,如何激励创业中的员工,如何应对创业组织的环境变化并进行组织变革,创业组织权力与政治如何演变,如何维护创业组织员工的全健康,创业者如何规划自己的职业生涯等内容,详细论述并分析了创业组织中的各种现象。 | |
| 461 | 0 | @12001 @a21世纪卓越人力资源管理与服务丛书 |
| 606 | 0 | @a创业@x研究 |
| 690 | @aF241.4@v5 | |
| 701 | 0 | @a陈国海@9chen guo hai@4主编 |
| 801 | 0 | @aCN@c20250909 |
| 905 | @a河南城建学院图书馆@dF241.4@eC422@ZC422@f1 | |
| 创业组织行为与领导/陈国海[等]主编.-北京:清华大学出版社,2024.09 |
| 250页;26cm.-(21世纪卓越人力资源管理与服务丛书) |
| ISBN 978-7-302-67409-2:CNY66.00 |
| 本书阐述并回答了如何识别创业机会,个体如何影响创业绩效,如何激励创业中的员工,如何应对创业组织的环境变化并进行组织变革,创业组织权力与政治如何演变,如何维护创业组织员工的全健康,创业者如何规划自己的职业生涯等内容,详细论述并分析了创业组织中的各种现象。 |
| ● |
| 相关链接 |
|
|
|
正题名:创业组织行为与领导
索取号:F241.4/C422
 
预约/预借
| 序号 | 登录号 | 条形码 | 馆藏地/架位号 | 状态 | 备注 |
| 1 | 1632914 | 216329140 | 社科库409/409社科库 79排3列5层/ [索取号:F241.4/C422] | 在馆 |